000
00336nam a22001457a 4500
008
210521b ||||| |||| 00| 0 eng d
020
_a
9781284053302
041
_a
eng
080
_2
3rd
_a
610.73
082
_a
610.73
100
_a
2
101
_a
INF
245
_a
Evidence-Based Practice for Nurses
_c
Schmidt,N.A
942
_2
udc
_c
BK
999
_c
57596
_d
57596